| 000 | 00430nam a2200205Ia 4500 | ||
|---|---|---|---|
| 001 | 001387 | ||
| 003 | YMCAF | ||
| 005 | 20230512160058.0 | ||
| 008 | 100717s1961 ||||||||||||||||| ||und|d | ||
| 024 | _a1387 | ||
| 035 | _a1369 | ||
| 040 |
_aYMCAF _beng _cIN-KoLT |
||
| 041 | _aeng | ||
| 082 | _aTEL-MAR | ||
| 100 | _aMARKUS JOHN | ||
| 245 | 0 | _aTELEVISION & RADIO REPAIRS | |
| 260 | _c1961 | ||
| 300 | _a568 | ||
| 942 |
_2ddc _cBK |
||
| 999 |
_c1112 _d1112 |
||